Molecules and cells (Record no. 77622)
[ view plain ]
| 000 -LEADER | |
|---|---|
| fixed length control field | 00653nam a2200169 a 4500 |
| 008 - FIXED-LENGTH DATA ELEMENTS--GENERAL INFORMATION | |
| fixed length control field | 120416s1966 xx |||||||||||||| || u |
| 050 ## - LIBRARY OF CONGRESS CALL NUMBER | |
| Classification number | QH 581.2 Cou |
| 100 ## - MAIN ENTRY--PERSONAL NAME | |
| Personal name | Coult, D. A |
| 245 10 - TITLE STATEMENT | |
| Title | Molecules and cells |
| 260 ## - PUBLICATION, DISTRIBUTION, ETC. | |
| Place of publication, distribution, etc. | |
| Name of publisher, distributor, etc. | Longmans |
| Date of publication, distribution, etc. | 1966 |
| 300 ## - PHYSICAL DESCRIPTION | |
| Extent | x, 166p. : ill |
| 350 ## - | |
| -- | 0.00 |
| 650 ## - SUBJECT ADDED ENTRY--TOPICAL TERM | |
| Topical term or geographic name entry element | MOLECULES |
| 650 ## - SUBJECT ADDED ENTRY--TOPICAL TERM | |
| Topical term or geographic name entry element | ECOLOGY |
| 995 ## - | |
| -- | BINDERY (DAMAGED) |
| -- | 0.00 |
| -- | 717874 |
| -- | CBU-MAIN LIBRARY (Kitwe) |
| -- | 1 |
| -- | 0.80 |
| -- | QH 581.2 Cou |
| -- | 1 |
| -- | DAMAGED |
| -- | 014644 |
| -- | Main Library Open Access Collection |
| 995 ## - | |
| -- | MAIN LIBRARY OPEN ACCESS |
| -- | 0.00 |
| -- | 716797 |
| -- | CBU-MAIN LIBRARY (Kitwe) |
| -- | 2 |
| -- | 0.80 |
| -- | QH 581.2 Cou |
| -- | 2 |
| -- | AVAILABLE |
| -- | 014645 |
| -- | Main Library Open Access Collection |
| 999 ## - | |
| -- | 77622 |
| -- | 77622 |
| Withdrawn status | Lost status | Source of classification or shelving scheme | Damaged status | Not for loan | Permanent Location | Current Location | Shelving location | Date acquired | Total Checkouts | Full call number | Barcode | Date last seen | Copy number | Price effective from | Koha item type |
|---|---|---|---|---|---|---|---|---|---|---|---|---|---|---|---|
| CBU-MAIN LIBRARY, KITWE. | CBU-MAIN LIBRARY, KITWE. | 05/03/2023 | QH 581.2 Cou | 014644 | 05/03/2023 | 1 | 05/03/2023 | MONOGRAPH | |||||||
| CBU-MAIN LIBRARY, KITWE. | CBU-MAIN LIBRARY, KITWE. | 05/03/2023 | QH 581.2 Cou | 014645 | 05/03/2023 | 2 | 05/03/2023 | MONOGRAPH |